000 00308nam a2200097Ia 4500
005 20251222114353.0
008 251222s1900||||xx |||||||||||||| ||spa||
082 _aDVD0095/O55/2005
245 0 _aFood for thught. Issves in canadian agriculture:Dar que pensar. Cuestiones en la agricultura canadiense
942 _cDVD
999 _c1321
_d1321